| 000 | 01523nam a22004577a 4500 | ||
|---|---|---|---|
| 003 | OSt | ||
| 005 | 20230524125515.0 | ||
| 008 | 221006b |||||||| |||| 00| 0 eng d | ||
| 040 | _cBiblioteca Lado V | ||
| 082 |
_a700 _bA786l |
||
| 110 |
_9830 _aARTEDER _eEditor |
||
| 245 |
_aLAPIZ/ _bRevista Mensual de Arte/ |
||
| 260 |
_bFeria internacional de Bilbao _c2002 _aEspaña |
||
| 300 |
_c22x29cm _a190p. |
||
| 366 | _espa | ||
| 490 |
_a179-180 _vXXI |
||
| 505 | _aEditorial | ||
| 505 | _aUsos y Abusos | ||
| 505 | _aPoliticas | ||
| 505 | _aIsaac Montoya | ||
| 505 | _aJorge Pardo | ||
| 505 | _aEntrevista con Dieter Appelt | ||
| 505 | _aIvens Machado | ||
| 505 | _aBertrand Lavier | ||
| 505 | _aMiquel Navarro | ||
| 505 | _ala gran Historia | ||
| 505 | _aMuseos, Galerías y Espacios de Arte en Australia | ||
| 505 | _aLas Galerías Australianas | ||
| 505 | _aCronicas de Exposiciones | ||
| 505 | _aActualidad | ||
| 650 |
_2Tesauro de Arte & Arquitectura _aARTE _9703 |
||
| 650 |
_2Tesauro de Arte & Arquitectura _aARQUITECTURA |
||
| 650 |
_2Tesauro de Arte & Arquitectura _aFOTOGRAFIA _9702 |
||
| 650 |
_2Tesauro de Arte & Arquitectura _aENTREVISTAS |
||
| 650 |
_2Tesauro de Arte & Arquitectura _aARQUEOLOGIA |
||
| 650 |
_2Tesauro de Arte & Arquitectura _aREPORTAJES |
||
| 650 |
_2Tesauro de Arte & Arquitectura _aLIBROS |
||
| 650 |
_2Tesauro de Arte & Arquitectura _aNOTICIAS |
||
| 651 |
_2Tesauro de Arte & Arquitectura _aSUBASTAS |
||
| 942 |
_2ddc _c1 _h700 _iA786l _n0 |
||
| 999 |
_c3711 _d3711 |
||